000 00388nam a22001577a 4500
999 _c10708
_d10708
003 OSt
008 210710b ||||| |||| 00| 0 eng d
020 _a9789390564040
082 _a004 SIU
100 _aMADE EASY
245 _aUGC-NET Computer Science and Application Previous Solved Papers
260 _aNew Delhi
_bMade Easy
300 _a572
650 _aMCA
942 _2ddc
_cBK
_05